[Event "RA-2017-0-00530"]
[Site "LSS email"]
[Date "2017.08.01"]
[Round "?"]
[White "Vaassen, Jack M"]
[Black "Bubnov, Vladimir"]
[Result "1/2-1/2"]
[WhiteElo "2193"]
[BlackElo "2261"]
[PlyCount "92"]
[EventDate "2017.06.28"]
[EventType "tourn (corr)"]
[EventRounds "6"]
[EventCountry "GER"]
[SourceTitle "Corr 2022"]
[Source "ChessBase"]
[SourceDate "2021.10.24"]
[SourceVersion "1"]
[SourceVersionDate "2021.10.24"]
[SourceQuality "1"]

1. e4 c5 2. Nf3 Nc6 3. d4 cxd4 4. Nxd4 Nf6 5. Nc3 e5 6. Ndb5 d6 7. Bg5 a6 8. Na3 b5 9. Nd5 Be7 10. Bxf6 Bxf6 11. c4 b4 12. Nc2 0-0 13. Be2 Bg5 14. 0-0 a5 15. Qd3 Be6 16. Rad1 Ra7 17. h3 Rb7 18. b3 Rd7 19. Bg4 g6 20. Bxe6 fxe6 21. c5 Rdf7 22. Nb6 dxc5 23. Nd7 Re8 24. Nxc5 Qxd3 25. Nxd3 Rc7 26. Nb2 Na7 27. Ne3 Nb5 28. Nbc4 Nc3 29. Rd6 Nxa2 30. Nxa5 Nc3 31. Nac4 Rb8 32. Rxe6 Ne2+ 33. Kh1 Nd4 34. Rxe5 Bf4 35. Rd5 Nxb3 36. g3 Bxe3 37. Nxe3 Nc1 38. Rdd1 Na2 39. Nd5 Rc4 40. e5 Nc3 41. Rc1 Rb5 42. Nxc3 bxc3 43. f4 Kf7 44. Kg2 c2 45. Rf2 Rb2 46. g4 Ke6 1/2-1/2

[Event "RA-2017-0-00515"]
[Site "LSS email"]
[Date "2017.05.10"]
[Round "?"]
[White "Ress, Jacques"]
[Black "Bubnov, Vladimir"]
[Result "1/2-1/2"]
[WhiteElo "2278"]
[BlackElo "2262"]
[PlyCount "46"]
[EventDate "2017.04.07"]
[EventType "tourn (corr)"]
[EventRounds "6"]
[EventCountry "GER"]
[SourceTitle "Corr 2022"]
[Source "ChessBase"]
[SourceDate "2021.10.24"]
[SourceVersion "1"]
[SourceVersionDate "2021.10.24"]
[SourceQuality "1"]

1. c4 Nf6 2. Nc3 e5 3. Nf3 Nc6 4. e3 Be7 5. Qb3 0-0 6. Be2 a6 7. 0-0 h6 8. d4 exd4 9. Nxd4 Nxd4 10. exd4 d5 11. Nxd5 Nxd5 12. cxd5 Bd6 13. Be3 Bf5 14. Bf3 Qf6 15. Rfe1 Rae8 16. Rad1 b5 17. a3 Be4 18. Bd2 Qf5 19. Rxe4 Rxe4 20. Bxe4 Qxe4 21. g3 h5 22. Bc3 Qf3 23. Re1 h4 1/2-1/2